La Iglesia de los tiempos clásicos

Na minha lista:
Detalhes bibliográficos
Autor principal: Rops, Daniel (Author)
Formato: Livro
Idioma:espanhol
Publicado em: Barcelona Luis de Caralt 1959
Assuntos:
Tags: Adicionar Tag
Sem tags, seja o primeiro a adicionar uma tag!

MARC

LEADER 00000nam a2200000 a 4500
001 UCP4952
003 CL-VaPUC
008 990821e19590000SP |||||||||||||||||spa|d
082 0 4 |a 270.6  |b ROP  |2 21 
100 0 |a Rops, Daniel  |e author  |9 433038 
245 1 3 |a La Iglesia de los tiempos clásicos 
300 |a v 
942 |c BK 
945 |d 19990821 00:00:00  |a crobeson 
260 |a Barcelona  |b Luis de Caralt  |c 1959 
500 |a v.1: El gran siglo de las almas 
500 |a v.2: La era de los grandes hundimientos 
600 0 7 |a SAN VICENTE DE PAUL  |2 CL-VaPUC  |9 314458 
600 0 |a Luis XIV  |d 1638-1715  |z Francia   |9 349629 
650 7 |a HISTORIA ECLESIASTICA SIGLO 17  |2 CL-VaPUC  |9 433039 
650 0 |a Cristianismo  |9 257361 
650 7 |a MISIONES RELIGIOSAS  |2 CL-VaPUC  |9 393449 
650 0 |a Paz de Westfalia  |9 433029 
650 7 |a EDICTOS  |2 CL-VaPUC  |9 398305 
650 7 |a REFORMA  |2 CL-VaPUC  |9 319527 
583 |a last modification  |c 19990821 00:00:00  |k Rodrigo Vera 
999 |c 282840  |d 282838 
952 |0 0  |1 0  |4 0  |6 270_600000000000000_ROP_1959  |7 0  |8 A  |9 325306  |a BIBHIS  |b BIBHIS  |d 2019-11-20  |i 135583K  |o 270.6 ROP 1959  |p 135583K  |r 2025-01-20  |w 2019-11-20  |y BK  |k HIS 
952 |0 0  |1 0  |4 0  |6 270_600000000000000_ROP_1959  |7 0  |8 A  |9 325307  |a BIBTEO  |b BIBTEO  |d 2019-11-20  |h v.1  |i 2085178  |o 270.6 ROP 1959  |p 2085178  |r 2025-01-17  |w 2019-11-20  |y BK  |k ICR 
952 |0 0  |1 0  |4 0  |6 270_600000000000000_ROP_1959  |7 0  |8 A  |9 325308  |a BIBTEO  |b BIBTEO  |d 2019-11-20  |h v.1  |i 2085186  |o 270.6 ROP 1959  |p 2085186  |r 2025-01-17  |w 2019-11-20  |y BK  |k ICR 
952 |0 0  |1 0  |4 0  |6 270_600000000000000_ROP_1959  |7 0  |8 A  |9 325309  |a BIBTEO  |b BIBTEO  |d 2019-11-20  |h v.1  |i 2085194  |o 270.6 ROP 1959  |p 2085194  |r 2025-01-17  |w 2019-11-20  |y BK  |k ICR 
952 |0 0  |1 0  |4 0  |6 270_600000000000000_ROP_1959  |7 0  |8 A  |9 325310  |a BIBTEO  |b BIBTEO  |d 2019-11-20  |h v.2  |i 2085208  |o 270.6 ROP 1959  |p 2085208  |r 2025-01-17  |w 2019-11-20  |y BK  |k ICR 
952 |0 0  |1 0  |4 0  |6 270_600000000000000_ROP_1959  |7 0  |8 A  |9 325311  |a BIBTEO  |b BIBTEO  |d 2019-11-20  |h v.2  |i 2085216  |o 270.6 ROP 1959  |p 2085216  |r 2025-01-17  |w 2019-11-20  |y BK  |k ICR